Resurrection: (Record no. 142749)

MARC details
000 -LEADER
fixed length control field 00542nam a22001817a 4500
005 - DATE AND TIME OF LATEST TRANSACTION
control field 20170720164651.0
010 ## - LCCN (DPL NO)
LC control number ENG-119268
020 ## - INTERNATIONAL STANDARD BOOK NUMBER
International Standard Book Number 9789382536956
Terms of availability 295.00
035 ## - SYSTEM CONTROL NUMBER
System control number EN-102800
037 ## - SOURCE OF ACQUISITION
Source of stock number/acquisition DBAD/PUB
082 ## - DEWEY DECIMAL CLASSIFICATION NUMBER
Classification number 881
100 ## - MAIN ENTRY--PERSONAL NAME
Personal name Nitu
245 ## - TITLE STATEMENT
Title Resurrection:
Statement of responsibility, etc by Nitu
Remainder of title a women reborn /
260 ## - PUBLICATION, DISTRIBUTION, ETC. (IMPRINT)
Place of publication, distribution, etc New Delhi
Name of publisher, distributor, etc Lifi Publication(Free Verse)
Date of publication, distribution, etc 2016
270 ## - ADDRESS
Address 211, 2nd floor, Gangadeep 12, Rajendra Place
City New Delhi
Postal code 110008
300 ## - PHYSICAL DESCRIPTION
Extent xiii,130p. :
Dimensions 20cm(Pbk)
Other physical details ill
942 ## - ADDED ENTRY ELEMENTS (KOHA)
Source of classification or shelving scheme Dewey Decimal Classification
Item type English Books
Classification part 881
Call number suffix NIT
Holdings
Withdrawn status Lost status Not for loan Collection code Home library Current library Date acquired Source of acquisition Cost, normal purchase price Full call number Barcode Copy number Cost, replacement price Koha item type
    Not For Loan Non-fiction D.B.Act.Division Bawana 20/07/2017 DBAD/PUB 295.00 881 NIT EN-102800 1 295.00 English Books

© Delhi Public Library
Hit Counter
free hit counter